ARRUPE JESUIT UNIVERSITY

CORONAVIRUS -STOP THE SPREAD - CLEAN,DISINFECT,COVER

The bourgeois experience : (Record no. 123117)

MARC details
000 -LEADER
fixed length control field 01810cam a2200481 a 4500
001 - CONTROL NUMBER
control field 2822988
003 - CONTROL NUMBER IDENTIFIER
control field ARRUPE
005 - DATE AND TIME OF LATEST TRANSACTION
control field 20150908084544.0
008 - FIXED-LENGTH DATA ELEMENTS--GENERAL INFORMATION
fixed length control field 830418m19841988nyua b 001 0 eng
010 ## - LIBRARY OF CONGRESS CONTROL NUMBER
LC control number 83008187
020 ## - INTERNATIONAL STANDARD BOOK NUMBER
International Standard Book Number 0195033523 (v. 1)
020 ## - INTERNATIONAL STANDARD BOOK NUMBER
International Standard Book Number 0195037413 (v. 2)
020 ## - INTERNATIONAL STANDARD BOOK NUMBER
International Standard Book Number 0393033988 (v. 3)
020 ## - INTERNATIONAL STANDARD BOOK NUMBER
International Standard Book Number 0393038130 (v. 4)
020 ## - INTERNATIONAL STANDARD BOOK NUMBER
International Standard Book Number 0393045706 (v. 5)
040 ## - CATALOGING SOURCE
Original cataloging agency DLC
Transcribing agency DLC
Modifying agency DLC
043 ## - GEOGRAPHIC AREA CODE
Geographic area code e------
-- n-us---
050 00 - LIBRARY OF CONGRESS CALL NUMBER
Classification number HT690.E73
Item number G39 1995
082 00 - DEWEY DECIMAL CLASSIFICATION NUMBER
Classification number 306.7/094
Edition number 19
300 ## - PHYSICAL DESCRIPTION
Other physical details ill. ;
Dimensions 24-25 cm.
100 1# - MAIN ENTRY--PERSONAL NAME
Personal name Gay, Peter,
Dates associated with a name 1923-2015.
9 (RLIN) 18804
245 14 - TITLE STATEMENT
Title The bourgeois experience :
Remainder of title Victoria to Freud /
Statement of responsibility, etc Peter Gay.
260 ## - PUBLICATION, DISTRIBUTION, ETC. (IMPRINT)
Place of publication, distribution, etc New York :
Name of publisher, distributor, etc Oxford University Press,
Date of publication, distribution, etc 1995
300 ## - PHYSICAL DESCRIPTION
Extent 5 v. :
500 ## - GENERAL NOTE
General note Vols. 3-5: 1st ed.
500 ## - GENERAL NOTE
General note Vols. 3-5 published: New York : Norton.
504 ## - BIBLIOGRAPHY, ETC. NOTE
Bibliography, etc Includes bibliographical references and indexes.
505 0# - FORMATTED CONTENTS NOTE
Formatted contents note v. 1. Education of the senses -- v. 2. The tender passion -- v. 3. The cultivation of hatred -- v. 4. The naked heart -- v. 5. Pleasure wars.
650 #0 - SUBJECT ADDED ENTRY--TOPICAL TERM
Topical term or geographic name as entry element Middle class
Geographic subdivision Europe
General subdivision History
Chronological subdivision 19th century.
9 (RLIN) 18805
650 #0 - SUBJECT ADDED ENTRY--TOPICAL TERM
Topical term or geographic name as entry element Middle class
Geographic subdivision United States
General subdivision History
Chronological subdivision 19th century.
9 (RLIN) 18806
650 #0 - SUBJECT ADDED ENTRY--TOPICAL TERM
Topical term or geographic name as entry element Sex customs
Geographic subdivision Europe
General subdivision History
Chronological subdivision 19th century.
9 (RLIN) 18807
650 #0 - SUBJECT ADDED ENTRY--TOPICAL TERM
Topical term or geographic name as entry element Sex customs
Geographic subdivision United States
General subdivision History
Chronological subdivision 19th century.
9 (RLIN) 18808
650 #0 - SUBJECT ADDED ENTRY--TOPICAL TERM
Topical term or geographic name as entry element Sex (Psychology)
9 (RLIN) 18809
650 #0 - SUBJECT ADDED ENTRY--TOPICAL TERM
Topical term or geographic name as entry element Love.
9 (RLIN) 18810
650 #0 - SUBJECT ADDED ENTRY--TOPICAL TERM
Topical term or geographic name as entry element Psychoanalysis and culture.
9 (RLIN) 18811
740 02 - ADDED ENTRY--UNCONTROLLED RELATED/ANALYTICAL TITLE
Uncontrolled related/analytical title Education of the senses.
740 02 - ADDED ENTRY--UNCONTROLLED RELATED/ANALYTICAL TITLE
Uncontrolled related/analytical title Tender passion.
740 02 - ADDED ENTRY--UNCONTROLLED RELATED/ANALYTICAL TITLE
Uncontrolled related/analytical title Cultivation of hatred.
740 02 - ADDED ENTRY--UNCONTROLLED RELATED/ANALYTICAL TITLE
Uncontrolled related/analytical title Naked heart.
740 02 - ADDED ENTRY--UNCONTROLLED RELATED/ANALYTICAL TITLE
Uncontrolled related/analytical title Pleasure wars.
856 42 - ELECTRONIC LOCATION AND ACCESS
Materials specified Publisher description
Uniform Resource Identifier <a href="http://www.loc.gov/catdir/enhancements/fy0636/83008187-d.html">http://www.loc.gov/catdir/enhancements/fy0636/83008187-d.html</a>
906 ## - LOCAL DATA ELEMENT F, LDF (RLIN)
a 7
b cbc
c orignew
d 1
e ocip
f 19
g y-gencatlg
942 ## - ADDED ENTRY ELEMENTS (KOHA)
Source of classification or shelving scheme Library of Congress Classification
Koha item type Monograph ( Printed materials)
Holdings
Withdrawn status Lost status Source of classification or shelving scheme Damaged status Not for loan Collection code Home library Current library Shelving location Date acquired Total Checkouts Full call number Barcode Date last seen Price effective from Koha item type
    Library of Congress Classification     Main Collection ARRUPE LIBRARY ARRUPE LIBRARY Main Collection 26/08/2015   HT690.E73 G285 1984 46500004166 30/04/2018 26/08/2015 Monograph ( Printed materials)

 

Arrupe Library. PO Box MP320 Mt Pleasant, Harare, Zimbabwe
263 242 745411|librarian@aju.ac.zw